00797nam a2200241 u 45000010006000000050017000060080041000230350010000640350021000740400013000950410008001080800006001160820008001221000041001302450083001712600075002543000021003296500034003506500028003846500033004126500029004457100081004746064920260504074549.0960313s1982 spa  a60649 a(OCoLC)318332487 ccomduadb aspa aG 4a58110aAcero Duarte, Luis Enrique4auteaut10aPropiedades, usos y nominacion de especies vegetales de la amazonia colombiana aBogotá :bCorporacion Colombiana para la Amazonia Araracuara,c1982. aCa. 112 p. : il. aPlantas - Amazonia colombiana aBotanica - Nomenclatura aAprovechamiento de la madera aAprovechamiento forestal20aColombia. Departamento Administrativo de Intendencias y Comisarias4auteaut